| 000 | 00569nam a22001817a 4500 | ||
|---|---|---|---|
| 005 | 20251108164911.0 | ||
| 008 | 250721s1993 xx 000 0 ara d | ||
| 082 | 1 | 4 | _a962.03/عبد |
| 100 | 1 | _aرمضان، عبد العظيم | |
| 245 | 1 | 0 | _aندوة ثورة يوليو و العالم العربي / |
| 264 | 1 |
_aالقاهرة : _bالهيئة المصرية العامة للكتاب، _c1993. |
|
| 300 | _a262ص | ||
| 650 | 1 | 7 | _aتاريخ مصر |
| 650 | 1 | 7 | _aالتاريخ السياسي |
| 650 | 1 | 7 | _aالثورات |
| 942 |
_2ddc _cBK |
||
| 999 |
_c17024 _d17024 |
||